Nabídkové kalkulace ve službách : pro prezenční formu studia /

Hlavní autor: Duháček Šebestová, Jarmila, 1977-
Korporativní autor: Slezská univerzita. Obchodně podnikatelská fakulta
Jazyk: Čeština
Vydáno: Karviná : Slezská univerzita v Opavě, Obchodně podnikatelská fakulta v Karviné, 2013
Témata:
Fyzický popis: 160 s. : il. ; 21 cm
Knihy
Uloženo v:
LEADER 01729nam a2200433 a 4500
001 nkc20142633364
003 CZ PrNK
005 20141217111435.0
007 ta
008 141031s2013 xr a e p 000 0 cze
015 |a cnb002633364 
020 |a 978-80-7248-851-3  |q (brož.) 
035 |a (OCoLC)897870129 
040 |a ABA001  |b cze 
072 7 |a 657  |x Účetnictví  |2 Konspekt  |9 4 
072 7 |a 37.016  |x Učební osnovy. Vyučovací předměty. Učebnice  |2 Konspekt  |9 22 
080 |a 657.474.5  |2 MRF 
080 |a 338.46  |2 MRF 
080 |a (075.8)  |2 MRF 
100 1 |a Duháček Šebestová, Jarmila,  |d 1977-  |7 mzk2006324032  |4 aut 
245 1 0 |a Nabídkové kalkulace ve službách :  |b pro prezenční formu studia /  |c Jarmila Šebestová 
260 |a Karviná :  |b Slezská univerzita v Opavě, Obchodně podnikatelská fakulta v Karviné,  |c 2013 
300 |a 160 s. :  |b il. ;  |c 21 cm 
500 |a 100 výt. 
504 |a Obsahuje bibliografii a bibliografické odkazy 
521 8 |a Určeno studentům Obchodně podnikatelské fakulty v Karviné 
650 0 7 |a kalkulace nákladů  |7 ph166527  |2 czenas 
650 0 7 |a služby  |7 ph116190  |2 czenas 
650 0 9 |a cost accounting  |2 eczenas 
650 0 9 |a service industries  |2 eczenas 
655 7 |a učebnice vysokých škol  |7 fd133772  |2 czenas 
655 9 |a textbooks (higher)  |2 eczenas 
710 2 |a Slezská univerzita.  |b Obchodně podnikatelská fakulta  |7 kn20010709324 
910 2 |a BOA001  |b 2-1333.494 
990 |a BK 
995 |a 01 
991 |b 201411  |c NOV  |e n 
996 6 |b 2610607957  |c 2-1333.494  |l MZK  |r Sklad / do 1 hodiny  |n 0  |p p.v.  |w 001464980  |u 000010  |a 1  |e BOA001  |j MZK50  |s P 
996 7 |b 2610616760  |c 2-1333.494  |l MZK  |r Sklad / do 1 hodiny  |n 3  |p dar  |w 001464980  |u 000020  |a 1  |e BOA001  |j MZK50  |s A